| 000 | 00362nam a2200145Ia 4500 | ||
|---|---|---|---|
| 008 | 230917s9999||||xx |||||||||||||| ||und|| | ||
| 040 |
_e51309 _aMAIN |
||
| 041 | _aEnglish | ||
| 082 | _a412 L122C | ||
| 100 | _aLadefoged, Peter | ||
| 245 | 0 | _aCourse in phonetics | |
| 260 |
_aNew York _bHarcourt Brace Jovanokich _c1975 |
||
| 300 | _axiv, 296 p. | ||
| 942 | _cBK | ||
| 999 |
_c148801 _d148801 |
||